Statistics for NCAA Tournament Teams - 2022

Click here to take the quiz!

General Stats

  • This quiz has been taken 24 times
  • The average score is 48 of 68

Answer Stats

HintAnswer% Correct
1.Kansas
100%
2.Kentucky
100%
6.Texas
100%
3.Texas Tech
100%
6.Alabama
95%
1.Arizona
95%
1.Baylor
95%
1.Gonzaga
95%
11.Michigan
95%
7.Michigan St
95%
3.Tennessee
95%
2.Duke
90%
6.LSU
90%
7.Ohio St
90%
4.UCLA
90%
2.Villanova
90%
11.Virginia Tech
90%
4.Arkansas
85%
5.Houston
85%
4.Illinois
85%
5.Iowa
85%
8.North Carolina
85%
11.Notre Dame
85%
11.Rutgers
85%
12.Wyoming
85%
2.Auburn
80%
5.Connecticut
80%
12.Indiana
80%
9.Memphis
80%
5.Saint Mary's
80%
3.Wisconsin
80%
6.Colorado St
75%
11.Iowa St
75%
10.Loyola Chicago
75%
10.Miami (FL)
75%
3.Purdue
75%
7.USC
75%
8.Boise St
70%
10.Davidson
70%
9.Marquette
70%
12.New Mexico St
70%
4.Providence
70%
16.Georgia St
65%
13.Vermont
65%
9.Creighton
60%
12.Richmond
60%
8.Seton Hall
60%
14.Yale
60%
13.Akron
55%
7.Murray St
55%
13.South Dakota St
55%
9.TCU
55%
15.Delaware
50%
8.San Diego St
50%
10.San Francisco
50%
12.UAB
50%
16.Bryant
45%
14.Montana St
45%
16.Norfolk St
45%
15.Saint Peter's
45%
13.Chattanooga
40%
15.CS Fullerton
40%
16.Texas A&M CC
40%
16.Texas Southern
40%
14.Colgate
35%
15.Jacksonville St
35%
16.Wright St
35%
14.Longwood
30%

Score Distribution

Percentile by Number Answered

Percent of People with Each Score

Your Score History

You have not taken this quiz